[Event "Frankfurt Ch 2011"]
[Site "Ffm-Kalbach, LAZ"]
[Date "2011.05.23"]
[Round "4.53"]
[White "Haftmann, Rainer"]
[Black "Richter, Wolfram"]
[Result "1-0"]
[WhiteElo "1920"]
[BlackElo "1544"]
[PlyCount "113"]
[EventDate "2011.??.??"]
[WhiteTeam "SG 1945 Dietzenbach"]
[BlackTeam "SK Bad Sooden-Allendorf"]

1. e4 c5 2. Nf3 Nc6 3. d4 cxd4 4. Nxd4 Nf6 5. Nc3 e5 6. Ndb5 d6 7. Nd5 Nxd5 8.
exd5 Ne7 9. c4 a6 10. Nc3 f5 11. Be2 Ng6 12. Bh5 Qf6 13. O-O Be7 14. g3 O-O 15.
h4 Nxh4 16. gxh4 Qxh4 17. Bf3 Rf6 18. Bg2 f4 19. f3 Rh6 20. Rf2 Bh3 21. Kf1
Bxg2+ 22. Rxg2 Qh1+ 23. Rg1 Qh3+ 24. Ke2 b5 25. cxb5 axb5 26. Qf1 Qc8 27. Kd1
b4 28. Ne4 b3 29. Nc3 Ra4 30. Bd2 Ra5 31. Qd3 Qc5 32. Rf1 Qc8 33. a3 Qb7 34.
Rc1 Rh2 35. Qf5 Rc5 36. Qe6+ Kf8 37. Ne2 Rxc1+ 38. Nxc1 Qa6 39. Qf5+ Bf6 40.
Qd3 Qa7 41. Nxb3 Qa4 42. Kc1 g5 43. Re1 h5 44. Re4 Qa7 45. Rc4 Rh1+ 46. Kc2 Kg7
47. Qc3 Qg1 48. Rc7+ Kh6 49. Bc1 Qd1+ 50. Kb1 Rh2 51. Rd7 Qxd5 52. Nd2 Qe6 53.
Qc8 Qf5+ 54. Ka1 g4 55. Qf8+ Kg5 56. Ne4+ Kg6 57. Rxd6 1-0

[Event "Frankfurt Ch 2011"]
[Site "Ffm-Kalbach, LAZ"]
[Date "2011.05.23"]
[Round "4.54"]
[White "Krischak, Werner"]
[Black "Hilbenz, Guntram"]
[Result "1/2-1/2"]
[WhiteElo "1822"]
[BlackElo "1919"]
[PlyCount "81"]
[EventDate "2011.??.??"]
[WhiteTeam "SK Marburg 1931/72"]
[BlackTeam "SC Bad Nauheim"]

1. d4 d6 2. Nf3 Nf6 3. c4 Nbd7 4. Nc3 e5 5. e4 Be7 6. Be2 O-O 7. O-O c6 8. Qc2
Re8 9. Rd1 Qc7 10. b4 exd4 11. Nxd4 d5 12. exd5 Bxb4 13. dxc6 bxc6 14. Be3 Ne5
15. h3 Bb7 16. Na4 Rad8 17. c5 Nd5 18. Bg5 f6 19. Bh4 Bc8 20. Bg3 g5 21. Nf5
Bxf5 22. Qxf5 Qc8 23. Qxc8 Rxc8 24. Ba6 Rb8 25. Rab1 Ba5 26. a3 Bc7 27. Rb7
Rxb7 28. Bxb7 Rb8 29. Bxc6 Nxc6 30. Rxd5 Bxg3 31. fxg3 Rd8 32. Rxd8+ Nxd8 33.
Kf2 Kf7 34. Ke3 Ke6 35. g4 Kd5 36. Kd3 Ne6 37. Nc3+ Kxc5 38. Ne4+ Kb5 39. g3
Nc5+ 40. Nxc5 Kxc5 41. Kc3 1/2-1/2

[Event "Frankfurt Ch 2011"]
[Site "Ffm-Kalbach, LAZ"]
[Date "2011.05.23"]
[Round "4.55"]
[White "Fröhlich-Dill, Astrid"]
[Black "Knott, Tilo"]
[Result "1-0"]
[WhiteElo "1919"]
[BlackElo "1523"]
[PlyCount "69"]
[EventDate "2011.??.??"]
[WhiteTeam "SV 1920 Hofheim"]
[BlackTeam "SC Brett vor'm Kopp Ffm"]

1. d4 f5 2. c4 g6 3. Nc3 Bg7 4. Bf4 d6 5. Nf3 Nh6 6. Qd2 Nf7 7. O-O-O O-O 8. h4
e5 9. dxe5 dxe5 10. Qxd8 Rxd8 11. Rxd8+ Nxd8 12. Nxe5 Ndc6 13. Nxc6 Nxc6 14.
Nd5 Bd7 15. e3 Ne5 16. Nxc7 Rd8 17. Bg5 Rc8 18. Nd5 Kf7 19. b3 b5 20. f4 Nc6
21. h5 h6 22. hxg6+ Kxg6 23. Ne7+ Nxe7 24. Bxe7 bxc4 25. bxc4 Be6 26. c5 Bxa2
27. Kd2 Rb8 28. Bd3 Rb2+ 29. Bc2 a5 30. g4 Kf7 31. Bd6 Be6 32. Kc1 Ra2 33. Rh5
fxg4 34. f5 Bd7 35. Bb3+ 1-0

[Event "Frankfurt Ch 2011"]
[Site "Ffm-Kalbach, LAZ"]
[Date "2011.05.23"]
[Round "4.56"]
[White "Cipca, Adrian"]
[Black "Ottenburg, Ralph"]
[Result "1-0"]
[WhiteElo "1888"]
[BlackElo "1950"]
[PlyCount "120"]
[EventDate "2011.??.??"]
[WhiteTeam "SK Bad Homburg 1927"]
[BlackTeam "Sfr. Frankfurt 1921"]

1. c4 e6 2. Nc3 d5 3. cxd5 exd5 4. Nf3 Nf6 5. g3 Be7 6. Bg2 O-O 7. O-O d4 8.
Nb5 c5 9. d3 a6 10. Na3 Nc6 11. b3 Be6 12. Nc4 Nd5 13. Bb2 Rc8 14. a3 b5 15.
Ncd2 Nc3 16. Qe1 a5 17. e3 b4 18. Nc4 dxe3 19. Qxe3 Nd4 20. Nxd4 cxd4 21. Qd2
Re8 22. Rfe1 Bf6 23. axb4 axb4 24. Ra6 Rc5 25. Rb6 Bxc4 26. Rxe8+ Qxe8 27. bxc4
Re5 28. Bf3 Bd8 29. Rb8 g6 30. Kg2 Kg7 31. Qf4 Qe7 32. Rxd8 Qxd8 33. Qxe5+ Qf6
34. Qxf6+ Kxf6 35. Be4 b3 36. f4 Ke6 37. Kf3 Kd6 38. Bd5 f6 39. Ba3+ Kc7 40.
Bg8 h6 41. Bf7 g5 42. fxg5 fxg5 43. Bb2 Kd6 44. Kg4 Ke5 45. Kh5 Nd1 46. Ba3 Kf6
47. Bg6 Ne3 48. Bb2 Ke5 49. Kxh6 Ng4+ 50. Kxg5 Nxh2 51. Be4 Nf1 52. g4 Ne3 53.
Kh5 Nxc4 54. Bc1 Nd6 55. Bc6 Nf7 56. Ba4 Kf6 57. Bxb3 Ne5 58. g5+ Kg7 59. Bc4
Nf3 60. Bb2 Kh7 1-0

[Event "Frankfurt Ch 2011"]
[Site "Ffm-Kalbach, LAZ"]
[Date "2011.05.23"]
[Round "4.57"]
[White "Mager, Denis"]
[Black "Kirschner, Matthias"]
[Result "1-0"]
[WhiteElo "1732"]
[BlackElo "1703"]
[PlyCount "45"]
[EventDate "2011.??.??"]
[WhiteTeam "TuS Makkabi Ffm"]
[BlackTeam "SV 1997 Nauheim"]

1. d4 d6 2. c4 e5 3. e3 exd4 4. exd4 Be7 5. Nc3 Nf6 6. Bd3 O-O 7. Nge2 Re8 8.
O-O Nbd7 9. Ng3 g6 10. f4 Bf8 11. Bd2 Bg7 12. Qf3 c6 13. Nce2 Nf8 14. f5 Qc7
15. Bg5 N8d7 16. fxg6 hxg6 17. Ne4 Rxe4 18. Bxe4 Nxe4 19. Qxe4 Nb6 20. Qe8+ Kh7
21. Rxf7 Bd7 22. Qe7 Rg8 23. Bf6 1-0

[Event "Frankfurt Ch 2011"]
[Site "Ffm-Kalbach, LAZ"]
[Date "2011.05.23"]
[Round "4.58"]
[White "Muthig, Holger"]
[Black "Genis, Roy"]
[Result "0-1"]
[WhiteElo "1496"]
[BlackElo "1935"]
[PlyCount "28"]
[EventDate "2011.??.??"]
[WhiteTeam "vereinslos"]
[BlackTeam "Sfr. Frankfurt 1921"]

1. d4 d5 2. c4 c6 3. Nc3 e5 4. cxd5 cxd5 5. dxe5 d4 6. Ne4 Qa5+ 7. Bd2 Qxe5 8.
Ng5 Be7 9. N1f3 Qd5 10. Qa4+ Nc6 11. e4 dxe3 12. Bxe3 Bb4+ 13. Nd2 h6 14. Nge4
Qxe4 0-1

[Event "Frankfurt Ch 2011"]
[Site "Ffm-Kalbach, LAZ"]
[Date "2011.05.23"]
[Round "4.59"]
[White "Nagel, Norbert"]
[Black "Honert, Stefan"]
[Result "1-0"]
[WhiteElo "1758"]
[BlackElo "1398"]
[PlyCount "79"]
[EventDate "2011.??.??"]
[WhiteTeam "SC Bad Nauheim"]
[BlackTeam "Sfr. Frankfurt 1921"]

1. c4 c6 2. Nf3 Nf6 3. g3 d5 4. b3 Bf5 5. Bg2 e6 6. O-O Be7 7. d3 Nbd7 8. Bb2
dxc4 9. bxc4 Qb6 10. Qb3 Qxb3 11. axb3 Bd6 12. e4 Bg4 13. e5 Bxf3 14. exf6 Bxg2
15. fxg7 Rg8 16. Kxg2 Be5 17. Bxe5 Nxe5 18. d4 Nd7 19. Nc3 Nf6 20. d5 cxd5 21.
cxd5 exd5 22. Rfd1 O-O-O 23. Rxa7 Kc7 24. Ra4 d4 25. Nb5+ Kb6 26. Nxd4 Rxg7 27.
Rb4+ Kc5 28. Rb5+ Kd6 29. Nf5+ Kc6 30. Rxd8 Rxg3+ 31. hxg3 Kxb5 32. Nd6+ Kc6
33. Nxf7 Nd7 34. Ng5 Nc5 35. b4 Na6 36. f4 Nxb4 37. f5 Nd5 38. Kf3 b5 39. Ne4
b4 40. Rd6+ 1-0

[Event "Frankfurt Ch 2011"]
[Site "Ffm-Kalbach, LAZ"]
[Date "2011.05.23"]
[Round "4.60"]
[White "Rauscher, Joachim"]
[Black "Zepuntke, Thomas"]
[Result "1-0"]
[WhiteElo "1525"]
[BlackElo "1745"]
[PlyCount "67"]
[EventDate "2011.??.??"]
[WhiteTeam "SC Brett vor'm Kopp Ffm"]
[BlackTeam "vereinslos"]

1. e4 d5 2. exd5 Qxd5 3. Nc3 Qa5 4. Nf3 Nf6 5. Be2 Bf5 6. d3 e6 7. O-O Bd6 8.
Bd2 c6 9. Ne4 Qc7 10. Nxd6+ Qxd6 11. Bc3 Nbd7 12. b3 h6 13. Nd2 O-O-O 14. Nc4
Qc7 15. a4 Nd5 16. Ba5 b6 17. Bd2 g5 18. a5 Nf4 19. axb6 Nxb6 20. Nxb6+ axb6
21. Bc3 Rhg8 22. Bf6 Rde8 23. d4 Nxe2+ 24. Qxe2 Qb7 25. c4 g4 26. Ra2 Kd7 27.
Rfa1 Ra8 28. d5 cxd5 29. cxd5 Rxa2 30. dxe6+ Bxe6 31. Rxa2 h5 32. Qb5+ Kc8 33.
Rc2+ Kb8 34. Qe5+ 1-0

[Event "Frankfurt Ch 2011"]
[Site "Ffm-Kalbach, LAZ"]
[Date "2011.05.23"]
[Round "4.61"]
[White "Plattner, Rolf"]
[Black "Liebert, Monika"]
[Result "1-0"]
[WhiteElo "1919"]
[BlackElo "1021"]
[PlyCount "85"]
[EventDate "2011.??.??"]
[WhiteTeam "SK Langen"]
[BlackTeam "SV Schachforum Darmstadt 1994"]

1. e4 e5 2. Nf3 Nc6 3. Bb5 d6 4. d3 Bg4 5. c3 Nf6 6. Be3 Be7 7. Nbd2 O-O 8. Qe2
Qd7 9. O-O a6 10. Ba4 b5 11. Bc2 a5 12. d4 exd4 13. cxd4 b4 14. Ba4 d5 15. e5
Ne4 16. Qd1 Nxd2 17. Qxd2 Bxf3 18. gxf3 Qe6 19. Rac1 Ra6 20. Qd3 Rb6 21. Kh1
Bd8 22. Rg1 Ne7 23. Bc2 Nf5 24. Qxf5 Qxf5 25. Bxf5 g6 26. Bd7 Kg7 27. Bc6 f5
28. f4 h6 29. Bxd5 a4 30. Bc4 Rc6 31. d5 Rxc4 32. Rxc4 b3 33. Kg2 g5 34. Kf3
g4+ 35. Ke2 Re8 36. Rxa4 bxa2 37. Rxa2 Kg6 38. h3 h5 39. Ra6+ Kg7 40. hxg4 hxg4
41. Rh1 Rh8 42. Rxh8 Kxh8 43. Ra8 1-0

[Event "Frankfurt Ch 2011"]
[Site "Ffm-Kalbach, LAZ"]
[Date "2011.05.23"]
[Round "4.62"]
[White "Kraus, Roman"]
[Black "Schellen, Sven"]
[Result "0-1"]
[WhiteElo "1504"]
[BlackElo "1745"]
[PlyCount "114"]
[EventDate "2011.??.??"]
[WhiteTeam "SV Bergwinkel"]
[BlackTeam "Sfr. Frankfurt 1921"]

1. d4 b5 2. c4 bxc4 3. Nc3 c6 4. e4 d5 5. Nf3 Bg4 6. h3 Bh5 7. g4 Bg6 8. exd5
cxd5 9. Qa4+ Qd7 10. Qxd7+ Nxd7 11. Nxd5 Be4 12. Nc7+ Kd8 13. Nxa8 Bxf3 14. Rg1
Bxa8 15. Bxc4 e6 16. Bd2 Bd6 17. Rc1 Bh2 18. Ba5+ Nb6 19. Rf1 Bg2 20. Bb5 Bxf1
21. Kxf1 Ne7 22. Bd2 Ned5 23. Ba5 Ke7 24. Ba6 Bf4 25. Rc6 h5 26. Be2 hxg4 27.
hxg4 Bg5 28. Bd3 Nf4 29. Be4 f5 30. gxf5 exf5 31. Bb4+ Kf7 32. Rc7+ Kg6 33.
Rc6+ Bf6 34. Bf3 Rh3 35. Bg2 Rd3 36. Kg1 Nxg2 37. Kxg2 Rxd4 38. Bc5 Rg4+ 39.
Kf3 Nc4 40. Bd6 Nxb2 41. Ra6 Ra4 42. Rxa4 Nxa4 43. Kf4 Nc3 44. a3 Nd5+ 45. Kf3
Kf7 46. Ke2 Ke6 47. Bc5 Bb2 48. Kd3 g5 49. Kc2 Nf4 50. a4 Kd5 51. Bxa7 Bd4 52.
Bxd4 Kxd4 53. Kb2 Nd5 54. Ka3 g4 55. a5 f4 56. a6 g3 57. a7 Nc7 0-1

[Event "Frankfurt Ch 2011"]
[Site "Ffm-Kalbach, LAZ"]
[Date "2011.05.23"]
[Round "4.63"]
[White "Lewien, Frank"]
[Black "Zerhusen, Martin"]
[Result "1/2-1/2"]
[WhiteElo "1499"]
[BlackElo "1650"]
[PlyCount "109"]
[EventDate "2011.??.??"]
[WhiteTeam "SV Lahn Limburg"]
[BlackTeam "SV Oberursel"]

1. d4 f5 2. Nf3 Nf6 3. c3 e6 4. Bg5 Be7 5. Bxf6 Bxf6 6. Nbd2 d5 7. Ne5 Bxe5 8.
dxe5 Nd7 9. f4 c5 10. e3 a6 11. Qh5+ Kf8 12. Nf3 Qe8 13. Qh4 Nb6 14. Be2 Bd7
15. Ng5 h6 16. Qh3 Kg8 17. Nf3 Qf7 18. Nh4 g6 19. g4 g5 20. Nf3 gxf4 21. exf4
fxg4 22. Qxg4+ Kf8 23. Qh4 Bb5 24. Rg1 Nc4 25. Bxc4 Bxc4 26. Kd2 Qf5 27. Qf6+
Qxf6 28. exf6 Kf7 29. Rg7+ Kxf6 30. Rxb7 Rab8 31. Rxb8 Rxb8 32. b3 Bb5 33. Rg1
Kf5 34. Ke3 Rh8 35. h4 Be8 36. Rg7 Bb5 37. Ne5 Rf8 38. Ng4 Rh8 39. Kf3 c4 40.
Rf7+ Kg6 41. Rf6+ Kh5 42. Rxe6 cxb3 43. axb3 Kxh4 44. Rxh6+ Rxh6 45. Nxh6 Bd3
46. Nf7 Be4+ 47. Ke3 Kg4 48. Ne5+ Kf5 49. Nd7 Bc2 50. b4 Bb3 51. Nc5 Bc4 52.
Na4 Bb3 53. Nb2 Ba2 54. Nd1 Bc4 55. Nf2 1/2-1/2

[Event "Frankfurt Ch 2011"]
[Site "Ffm-Kalbach, LAZ"]
[Date "2011.05.23"]
[Round "4.64"]
[White "Crnjac, Zdravco"]
[Black "Bender, Manfred"]
[Result "1-0"]
[WhiteElo "1482"]
[BlackElo "1821"]
[PlyCount "63"]
[EventDate "2011.??.??"]
[WhiteTeam "TSG Nieder-Erlenbach 1888"]
[BlackTeam "Sfr. Taunus Königstein/Schwalbac"]

1. b3 Nf6 2. Bb2 e6 3. g3 d5 4. e3 Be7 5. Ne2 O-O 6. d3 Nbd7 7. h3 c5 8. Bg2
Qc7 9. g4 b5 10. Ng3 Bb7 11. g5 Ne8 12. h4 g6 13. Nd2 c4 14. Nf3 Rc8 15. h5 c3
16. Bc1 Ne5 17. d4 Nxf3+ 18. Qxf3 Bxg5 19. Qg4 Be7 20. hxg6 fxg6 21. Qxe6+ Kg7
22. e4 Rf6 23. Qh3 h5 24. e5 Rf8 25. Nxh5+ Kg8 26. Qe6+ Rf7 27. Qxg6+ Ng7 28.
Bh6 Ba3 29. Nf6+ Kf8 30. Bxg7+ Rxg7 31. Rh8+ Ke7 32. Re8+ 1-0

[Event "Frankfurt Ch 2011"]
[Site "Ffm-Kalbach, LAZ"]
[Date "2011.05.23"]
[Round "4.65"]
[White "Mook, Karl-Jürgen"]
[Black "Mühlbach, Christian"]
[Result "1/2-1/2"]
[WhiteElo "1611"]
[BlackElo "1709"]
[PlyCount "160"]
[EventDate "2011.??.??"]
[WhiteTeam "Sfr. Frankfurt 1921"]
[BlackTeam "SK Langen"]

1. e4 e5 2. Nf3 d6 3. Nc3 f5 4. exf5 Bxf5 5. d3 Nf6 6. Bg5 Be7 7. Qd2 c6 8.
O-O-O b5 9. Nh4 Be6 10. Kb1 Qa5 11. a3 Nbd7 12. Na2 Qb6 13. h3 a5 14. Be3 c5
15. Nf3 Nd5 16. c4 Nxe3 17. fxe3 bxc4 18. dxc4 e4 19. Ne1 Rb8 20. Nc3 Qb3 21.
Ka1 Ne5 22. Nd5 Bd8 23. Rc1 O-O 24. Rc3 Qb7 25. Nf4 Bf7 26. Be2 Bh4 27. Rf1 Kh8
28. Nd5 Bxe1 29. Rxe1 Bxd5 30. cxd5 Rf2 31. Qc1 Rxg2 32. Rc2 Rg3 33. Rh1 Qxd5
34. Rd2 Qe6 35. Rhd1 Qxh3 36. Rxd6 h6 37. Rd8+ Rxd8 38. Rxd8+ Kh7 39. Qxc5 Rg1+
40. Ka2 Qe6+ 41. Qd5 Qxd5+ 42. Rxd5 Rg5 43. Rd4 Rg2 44. Bb5 g5 45. Rxe4 Nf7 46.
Re7 Kg7 47. Bc4 Rf2 48. e4 g4 49. e5 Kf8 50. Re6 g3 51. Rg6 g2 52. Bd5 Ng5 53.
Rg8+ Ke7 54. Rg7+ Kd8 55. Rg8+ Kc7 56. Rg7+ Kb6 57. Rg6+ Kc5 58. Bxg2 Rxg2 59.
Rxh6 Kd5 60. Ra6 Kxe5 61. Rxa5+ Kd4 62. Ra4+ Kd3 63. Ra8 Ne4 64. Rd8+ Kc2 65.
Rc8+ Kd3 66. a4 Kd4 67. a5 Nc5 68. Rd8+ Kc4 69. Ka3 Rg3+ 70. Ka2 Kb5 71. Rd5
Rg4 72. a6 Ra4+ 73. Kb1 Kb6 74. Rd6+ Kc7 75. Rh6 Nxa6 76. Rh7+ Kb6 77. Rh6+ Kb5
78. Rh5+ Nc5 79. b3 Rb4 80. Ka2 Rxb3 1/2-1/2

[Event "Frankfurt Ch 2011"]
[Site "Ffm-Kalbach, LAZ"]
[Date "2011.05.23"]
[Round "4.66"]
[White "Imelmann, Esther"]
[Black "Willenbring, Jens-Dirk"]
[Result "1-0"]
[WhiteElo "1790"]
[BlackElo "1489"]
[PlyCount "91"]
[EventDate "2011.??.??"]
[WhiteTeam "SV Mainz-Mombach"]
[BlackTeam "Bad Vilbeler Sfr.1985"]

1. d4 d5 2. c4 e6 3. Nc3 Nf6 4. Bg5 Be7 5. Nf3 h6 6. Bh4 c6 7. Ne5 Nbd7 8. f4
Nxe5 9. fxe5 Nd7 10. Bxe7 Qxe7 11. e4 Qb4 12. exd5 cxd5 13. cxd5 exd5 14. Qd2
Nb6 15. b3 O-O 16. Be2 Be6 17. Nb5 Qxd2+ 18. Kxd2 Bd7 19. Nc3 Rac8 20. a4 Bc6
21. a5 Na8 22. Bg4 Rc7 23. Rac1 f5 24. Bf3 Rd8 25. h4 g5 26. hxg5 hxg5 27. Rh6
Rh7 28. Rch1 Rxh6 29. Rxh6 g4 30. Be2 Nc7 31. Ke3 Rf8 32. Kf4 Kg7 33. Kg5 Bd7
34. Rd6 Ne6+ 35. Kh4 Rh8+ 36. Kg3 f4+ 37. Kxg4 Nf8+ 38. Kxf4 Rh4+ 39. Ke3 Bf5
40. Bf3 Ne6 41. Rxd5 Ng5 42. Rd8 Ne6 43. Rd7+ Kf8 44. Rxb7 Rxd4 45. Be2 Rd8 46.
Bc4 {Rest nicht nachvollziehbar!} 1-0

[Event "Frankfurt Ch 2011"]
[Site "Ffm-Kalbach, LAZ"]
[Date "2011.05.23"]
[Round "4.67"]
[White "Lanz, Jürgen"]
[Black "Puzzo, Peter"]
[Result "0-1"]
[WhiteElo "1564"]
[BlackElo "1463"]
[PlyCount "68"]
[EventDate "2011.??.??"]
[WhiteTeam "SC 1979 Hattersheim"]
[BlackTeam "Sfr. Frankfurt 1921"]

1. Nf3 Nf6 2. c4 e6 3. Nc3 Be7 4. g3 O-O 5. Bg2 c6 6. d4 d5 7. O-O Nbd7 8. Qb3
h6 9. Bf4 Re8 10. a4 Nh5 11. Bd2 Bd6 12. c5 Bc7 13. e4 dxe4 14. Nxe4 Nf8 15.
Qe3 Nf6 16. Ne5 Nd5 17. Qf3 f5 18. Nc3 Qf6 19. Qh5 Bd7 20. f4 Re7 21. a5 a6 22.
Na4 Rd8 23. Ra3 Be8 24. Qf3 Ng6 25. Qe2 Nxe5 26. dxe5 Qf8 27. Rb3 Bb8 28. Nb6
Nxb6 29. cxb6 Red7 30. Bb4 Qf7 31. Rff3 Rd1+ 32. Kf2 Qd7 33. Bd6 Bxd6 34. exd6
Qxd6 0-1

[Event "Frankfurt Ch 2011"]
[Site "Ffm-Kalbach, LAZ"]
[Date "2011.05.23"]
[Round "4.68"]
[White "Hartmann, Stephan"]
[Black "Bock, Mario"]
[Result "1/2-1/2"]
[WhiteElo "1441"]
[BlackElo "1551"]
[PlyCount "70"]
[EventDate "2011.??.??"]
[WhiteTeam "SG Turm Idstein"]
[BlackTeam "Sfr. Frankfurt 1921"]

1. e4 c5 2. Nf3 Nc6 3. Nc3 d6 4. Bc4 Nf6 5. O-O g6 6. d3 Bg7 7. h3 O-O 8. Be3
Na5 9. Bb3 Nxb3 10. axb3 a6 11. Qd2 b6 12. Bh6 Bb7 13. Bxg7 Kxg7 14. Nh2 b5 15.
f4 Qc7 16. Rae1 Nd7 17. f5 Nf6 18. Nf3 Rae8 19. Ng5 h6 20. Nf3 e6 21. Nh2 Qd7
22. fxg6 fxg6 23. Rf2 Rf7 24. Ref1 Ref8 25. Qe3 e5 26. Nf3 b4 27. Na4 Qb5 28.
Nd2 Qe8 29. Nc4 Qe6 30. Na5 Bc8 31. Nb6 Bd7 32. Nxd7 Qxd7 33. Nc4 Ne8 34. Rxf7+
Rxf7 35. Rxf7+ Qxf7 1/2-1/2

[Event "Frankfurt Ch 2011"]
[Site "Ffm-Kalbach, LAZ"]
[Date "2011.05.23"]
[Round "4.69"]
[White "Popp, Matthias"]
[Black "Zelba, Gianluca"]
[Result "1/2-1/2"]
[WhiteElo "1522"]
[BlackElo "1378"]
[PlyCount "123"]
[EventDate "2011.??.??"]
[WhiteTeam "SC Bergen-Enkheim 1922"]
[BlackTeam "SV Lahn Limburg"]

1. d4 Nf6 2. Nf3 e6 3. Bf4 d5 4. e3 Be7 5. Nbd2 b6 6. c3 Bb7 7. Ne5 Nbd7 8.
Ndf3 Rc8 9. Bd3 O-O 10. Qc2 c5 11. Ng5 Nxe5 12. dxe5 Ne4 13. Nxe4 dxe4 14. Bxe4
Bxe4 15. Qxe4 Qc7 16. O-O Rfd8 17. Rad1 Rd7 18. Qc2 Rcd8 19. h3 Qb7 20. Bg3 c4
21. b4 b5 22. Rd4 Bf8 23. Rfd1 g6 24. Bh4 Rxd4 25. Rxd4 Rd7 26. Qd2 Rxd4 27.
Qxd4 Be7 28. Bf6 Bxf6 29. exf6 Qb8 30. Qd7 h5 31. g3 a6 32. f4 g5 33. Kf2 h4
34. Qd4 hxg3+ 35. Kxg3 gxf4+ 36. Qxf4 Qf8 37. h4 Kh7 38. Qg5 Qb8+ 39. Kg4 Qg8
40. Qxg8+ Kxg8 41. Kg5 Kh7 42. a3 Kg8 43. Kf4 Kh7 44. Kg5 Kg8 45. e4 Kh7 46. e5
Kg8 47. Kf4 Kh7 48. Ke4 Kh6 49. Kd4 Kh5 50. Kc5 Kxh4 51. Kd6 Kh5 52. Ke7 Kg6
53. Kf8 Kf5 54. Kxf7 Kxe5 55. Ke7 Ke4 56. f7 Kd3 57. f8=Q Kxc3 58. Qf3+ Kb2 59.
a4 bxa4 60. Qf6+ c3 61. Qd4 a3 62. b5 1/2-1/2

[Event "Frankfurt Ch 2011"]
[Site "Ffm-Kalbach, LAZ"]
[Date "2011.05.23"]
[Round "4.71"]
[White "Heun, Andreas"]
[Black "Rehn, Hans Peter"]
[Result "0-1"]
[WhiteElo "1509"]
[BlackElo "1921"]
[PlyCount "48"]
[EventDate "2011.??.??"]
[WhiteTeam "SC Ladja Roßdorf"]
[BlackTeam "SK Gründau"]

1. e4 c5 2. Nc3 Nc6 3. f4 e6 4. Nf3 g6 5. Bb5 Nge7 6. d3 Bg7 7. O-O O-O 8. Qe1
Qb6 9. Bxc6 Qxc6 10. Qh4 f6 11. Bd2 Rf7 12. Rae1 d5 13. h3 dxe4 14. dxe4 b6 15.
Ne5 fxe5 16. fxe5 Rxf1+ 17. Rxf1 Ba6 18. Rd1 Qe8 19. Bg5 Nc6 20. Bf6 Nxe5 21.
Rd8 Rxd8 22. Bxd8 Qf7 23. Kh2 Nc6 24. Bg5 Be5+ 0-1

[Event "Frankfurt Ch 2011"]
[Site "Ffm-Kalbach, LAZ"]
[Date "2011.05.23"]
[Round "4.72"]
[White "Storch, Dominik"]
[Black "Fischer, Lutz"]
[Result "0-1"]
[WhiteElo "1883"]
[BlackElo "1492"]
[PlyCount "74"]
[EventDate "2011.??.??"]
[WhiteTeam "Frankfurter TV 1860"]
[BlackTeam "Sfr. Frankfurt 1921"]

1. e4 e5 2. Nf3 Nc6 3. d4 exd4 4. Nxd4 Nge7 5. Bc4 Ne5 6. Bb3 d6 7. O-O Bg4 8.
Qe1 Qd7 9. f4 N5c6 10. Be3 O-O-O 11. Bxf7 Nxd4 12. Bxd4 Nc6 13. f5 Qxf7 14. Bc3
Re8 15. Nd2 Qd7 16. Qg3 Be2 17. Rfe1 Ba6 18. Rab1 d5 19. b4 d4 20. b5 dxc3 21.
Qxc3 Bb4 22. bxc6 Bxc3 23. cxd7+ Kxd7 24. Rbd1 Kc8 25. Kf2 Rd8 26. Ke3 Rhe8 27.
g4 Rd4 28. h4 Red8 29. g5 Rxd2 30. Rb1 Rxc2 31. Rh1 Bd2+ 32. Kf3 Rc3+ 33. Kf2
Bd3 34. f6 gxf6 35. gxf6 Bxb1 36. Rxb1 Bf4 37. Kg2 Rf8 0-1

[Event "Frankfurt Ch 2011"]
[Site "Ffm-Kalbach, LAZ"]
[Date "2011.05.23"]
[Round "4.74"]
[White "Urbach, Jens"]
[Black "Bergmann, Michael"]
[Result "0-1"]
[WhiteElo "1127"]
[BlackElo "1511"]
[PlyCount "80"]
[EventDate "2011.??.??"]
[WhiteTeam "Sfr. Frankfurt 1921"]
[BlackTeam "vereinslos"]

1. Nf3 d5 2. d4 Nf6 3. g3 e6 4. Bg2 Be7 5. O-O O-O 6. Nbd2 c5 7. dxc5 Bxc5 8.
c4 Nc6 9. Nb3 Be7 10. cxd5 Nxd5 11. Nbd4 Qb6 12. Nxc6 bxc6 13. a3 Rd8 14. Qc2
Ba6 15. Ne5 Bf6 16. Nxc6 Rac8 17. Bxd5 Rxd5 18. Be3 Qxc6 19. Qxc6 Rxc6 20. Bxa7
Rc2 21. Rfe1 Rxe2 22. Rxe2 Bxe2 23. Rc1 Rd1+ 24. Rxd1 Bxd1 25. b4 Ba4 26. Bc5
Bb2 27. b5 Bxb5 28. f4 f6 29. Kf2 Kf7 30. Ke3 e5 31. Kd2 exf4 32. gxf4 f5 33.
Kc2 Bf6 34. Kb3 Be7 35. Bd4 Bd6 36. Be3 Ke6 37. a4 Ba6 38. a5 Kd5 39. Kc3 Ke4
40. Bd4 g6 0-1